Ngân hàng thương mại /

Các nghiệp vụ ngân hàng thương mại, nghiệp vụ nợ tạo lập vốn, nghiệp vụ có sử dụng vốn; Công cụ và nghiệp vụ trung gian; Nghiệp vụ trên thị trường chứng khoán; Tài trợ ngoại thương; Quản trị kinh doanh ngân hàng; Quản lý rủi ro, lãi suất, hiệu quả......

Full beskrivning

Sparad:
Bibliografiska uppgifter
Huvudupphovsman: Lê Văn Tư, GS.TS.
Övriga upphovsmän: Lê Tùng Vân., Lê Nam Hải.
Materialtyp: Bok
Språk:Vietnamese
Publicerad: Tp.HCM : Thống kê, 2000.
Ämnen:
Taggar: Lägg till en tagg
Inga taggar, Lägg till första taggen!
Thư viện lưu trữ: Mạng thư viện Đại học Đà Nẵng
LEADER 01283cam a2200385 i 4500
001 000043188
003 1063
005 20041029144444.0
008 010217b2000 vm 000 vie
020 |c 76000 
022 |a T 
040 |a IRC  |c IRC  |d IRC 
041 1 |a vie 
082 1 4 |a 332.12  |b LÊ-T 
100 1 |a Lê Văn Tư,  |c GS.TS. 
245 1 0 |a Ngân hàng thương mại /  |c Lê Văn Tư, Lê Tùng Vân, Lê Nam Hải. 
260 |a Tp.HCM :  |b Thống kê,  |c 2000. 
300 |a 675 tr. ;  |c 24 cm. 
520 3 |a Các nghiệp vụ ngân hàng thương mại, nghiệp vụ nợ tạo lập vốn, nghiệp vụ có sử dụng vốn; Công cụ và nghiệp vụ trung gian; Nghiệp vụ trên thị trường chứng khoán; Tài trợ ngoại thương; Quản trị kinh doanh ngân hàng; Quản lý rủi ro, lãi suất, hiệu quả... 
630 0 4 |a Kinh tế. 
630 0 4 |a Ngân hàng. 
650 0 4 |a Ngân hàng. 
650 0 4 |a Ngân hàng thương mại. 
700 1 |a Lê Tùng Vân. 
700 1 |a Lê Nam Hải. 
OWN |a DUT 
999 |a From the UDN01 
TYP |a Monograph 
TYP |a Printed language 
980 |a Mạng thư viện Đại học Đà Nẵng